000 00520nam a2200205Ia 4500
003 OSt
005 20230511102949.0
008 210423s2006 xx 000 0 und d
020 _a9788131703229
040 _cAL
041 _aeng
082 _a541.3 ENGT
_223
100 _aENGEL (Thomas);REID (Philip).
_9102331
245 _aPhysical chemistry.
260 _aNew Delhi
_bPearson Education Pvt Ltd
_c2006
300 _axix,1061
_bPB
365 _b675
_cINR
906 _achemistry. ; Physical
942 _2ddc
_cBK
999 _c164599
_d164599